[Event "Battle of Senta op-B 15th"]
[Site "Senta"]
[Date "2011.07.19"]
[Round "5"]
[White "Bujic, Csaba"]
[Black "Zarkovic, Mila"]
[Result "1/2-1/2"]
[WhiteElo "1912"]
[BlackElo "2015"]
[PlyCount "71"]
[EventDate "2011.07.16"]
[EventType "swiss"]
[EventRounds "9"]
[EventCountry "SRB"]
[SourceTitle "EXT 2019"]
[Source "ChessBase"]
[SourceDate "2018.10.10"]
[SourceVersion "1"]
[SourceVersionDate "2018.10.10"]
[SourceQuality "1"]

1. e4 c5 2. c3 Nf6 3. e5 Nd5 4. d4 cxd4 5. cxd4 e6 6. Bc4 d6 7. Nf3 Be7 8. 0-0 0-0 9. Nc3 Nxc3 10. bxc3 Qc7 11. Qd3 dxe5 12. Nxe5 Nd7 13. Nxd7 Bxd7 14. Bb3 Qa5 15. Bf4 Rac8 16. Rac1 Qh5 17. Qg3 Bc6 18. Rfe1 Bf6 19. Be5 Qg5 20. Bxf6 Qxf6 21. Re5 Rfd8 22. Qg4 Bd7 23. Qh3 g6 24. Qg4 Rc7 25. h4 Rdc8 26. c4 b6 27. Rce1 Rd8 28. h5 Qg7 29. hxg6 hxg6 30. Qf3 Qh6 31. d5 Rc5 32. Qf6 Re8 33. dxe6 Bxe6 34. Rxc5 bxc5 35. Ba4 Rf8 36. Bb3 1/2-1/2

[Event "Senta op-B 14th"]
[Site "Senta"]
[Date "2010.07.22"]
[Round "7"]
[White "Bujic, Csaba"]
[Black "Zivkovic, Momcilo"]
[Result "0-1"]
[WhiteElo "1902"]
[BlackElo "2139"]
[PlyCount "108"]
[EventDate "2010.07.17"]
[EventType "swiss"]
[EventRounds "9"]
[EventCountry "YUG"]
[SourceTitle "EXT 2011"]
[Source "ChessBase"]
[SourceDate "2010.11.26"]
[SourceVersion "1"]
[SourceVersionDate "2010.11.26"]
[SourceQuality "1"]

1. e4 e6 2. d4 d5 3. e5 c5 4. c3 Nc6 5. Nf3 Qb6 6. a3 Bd7 7. b4 cxd4 8. cxd4 Rc8 9. Be3 f6 10. Be2 a5 11. b5 Na7 12. a4 Bb4+ 13. Bd2 Bxd2+ 14. Qxd2 Qc7 15. 0-0 b6 16. Qf4 Qc2 17. Nbd2 Ne7 18. exf6 gxf6 19. Nh4 Ng6 20. Bh5 Ke7 21. Bxg6 hxg6 22. Nhf3 Qc7 23. Qe3 Qc3 24. Qe2 Qc2 25. Rfe1 Qf5 26. Nf1 g5 27. Ra3 Kf7 28. N3d2 Rh4 29. Nf3 Re4 30. Ne3 Qh7 31. Qd2 Rh8 32. Nf1 g4 33. Rxe4 dxe4 34. Qe3 gxf3 35. gxf3 Qg6+ 36. Ng3 Qh6 37. Nxe4 Qxh2+ 38. Kf1 Qh1+ 39. Ke2 Qb1 40. Nd2 Qb4 41. Qd3 Nc8 42. Ra1 Nd6 43. Rc1 Nf5 44. Rc4 Qb2 45. d5 Qe5+ 46. Re4 Qxd5 47. Qc3 Rc8 48. Qb2 Nd6 49. Rd4 Qe5+ 50. Ne4 f5 51. f4 Rc2+ 52. Qxc2 Qxd4 53. Ng5+ Kg6 54. Qc1 Qc4+ 0-1

[Event "Senta op-B 13th"]
[Site "Senta"]
[Date "2009.07.23"]
[Round "7"]
[White "Djuric, Olgica"]
[Black "Bujic, Csaba"]
[Result "1/2-1/2"]
[WhiteElo "1830"]
[BlackElo "1945"]
[PlyCount "40"]
[EventDate "2009.07.18"]
[EventType "swiss"]
[EventRounds "9"]
[EventCountry "YUG"]
[SourceTitle "EXT 2012"]
[Source "ChessBase"]
[SourceDate "2011.11.24"]
[SourceVersion "1"]
[SourceVersionDate "2011.11.24"]
[SourceQuality "1"]

1. d4 d5 2. Nf3 Nf6 3. Bg5 e6 4. e3 Be7 5. Bd3 Nbd7 6. Nbd2 0-0 7. Ne5 Re8 8. h4 Nf8 9. Qf3 N8d7 10. Rh3 Nxe5 11. dxe5 Nd7 12. Bf4 f5 13. exf6 Bxf6 14. Qh5 Nf8 15. Bxc7 Qd7 16. Be5 g6 17. Rg3 Qg7 18. Bxf6 Qxf6 19. Qg5 Qxb2 20. Rb1 Qg7 1/2-1/2